header

I can't do that! (Record no. 1908)

MARC details
000 -LEADER
fixed length control field 01089nam a2200277Ia 4500
100 1# - MAIN ENTRY--AUTHOR NAME
Personal name Ling, John.
245 10 - TITLE STATEMENT
Title I can't do that!
260 ## - PUBLICATION, DISTRIBUTION, ETC. (IMPRINT)
Place of publication London :
Name of publisher Paul Chapman,
Year of publication c2006.
300 ## - PHYSICAL DESCRIPTION
Number of Pages 91 p. :
Other physical details ill.
500 ## - GENERAL NOTE
General note Includes index.
650 #0 - SUBJECT ADDED ENTRY--TOPICAL TERM
Topical Term Child psychology.
Topical Term Interpersonal relations in children.
856 40 - ELECTRONIC LOCATION AND ACCESS
Uniform Resource Identifier http://site.ebrary.com/lib/rucke/Doc?id=10285265

No items available.

© 2026 Rongo University
Contact us: librarian | system librarian | Rongo university